00393nam a2200097 45000820013000001000043000132450128000562600061001843000007002457000043002520 a220.95051 aTerry, J. O; Slack, Jim & Evans, Steve10aChronological Bible storying :bAn introduction to the oral communication of the BiblecJ. O Terry; Jim Slack & Steve Evans aJohannesburgbInternational Publication Servicescc.1996 ap.1 aTerry, J. O; Slack, Jim & Evans, Steve